[Event "18. Open de Sants Hostafrancs 2016"]
[Site "Barcelona ESP"]
[Date "2016.08.23"]
[Round "5.8"]
[White "Moussard, Jules"]
[Black "Cuartas, Jaime Alexander"]
[Result "1-0"]
[WhiteElo "2539"]
[BlackElo "2481"]
[PlyCount "101"]
[EventDate "2016.08.19"]
[EventType "swiss"]
[EventRounds "10"]
[EventCountry "ESP"]
[SourceTitle "Ajedrez en Madrid"]
[Source "lmi"]
[SourceDate "2016.08.19"]

1. Nf3 d5 2. g3 Nf6 3. Bg2 c6 4. O-O Bg4 5. h3 Bxf3 6. Bxf3 Nbd7 7. d3 e6 8. e4
Bc5 9. Bg2 O-O 10. d4 Bb6 11. e5 Ne8 12. Be3 f6 13. exf6 Nexf6 14. Qe2 Qe7 15.
f4 Rae8 16. Nd2 c5 17. dxc5 Nxc5 18. b4 Ncd7 19. Bxb6 Nxb6 20. a3 Rc8 21. Nb3
Rc3 22. Rf3 Rfc8 23. Nd4 Na4 24. Rd3 Qd6 25. Re1 Re8 26. Nxe6 Qb6+ 27. Kh2 Qc6
28. Rxc3 Qxc3 29. Qe5 Qxc2 30. Qg5 Qg6 31. Bxd5 Nxd5 32. Qxd5 Nb6 33. Qb3 Kh8
34. Ng5 Rxe1 35. Nf7+ Kg8 36. Ne5+ Kf8 37. Nxg6+ hxg6 38. Qd3 Kf7 39. a4 Re7
40. a5 Rd7 41. Qb5 Rd2+ 42. Kg1 Nd5 43. Qxb7+ Kf6 44. Qxa7 Kf5 45. Qxg7 Ke4 46.
Qxg6+ Ke3 47. Qe6+ Kf3 48. Qg4+ Ke3 49. f5 Nc3 50. Qf4+ Kd3 51. Qxd2+ 1-0

[Event "18. Open de Sants Hostafrancs 2016"]
[Site "Barcelona ESP"]
[Date "2016.08.23"]
[Round "5.10"]
[White "Lin, Chen"]
[Black "Ortega Amarelle, Mariano"]
[Result "1/2-1/2"]
[WhiteElo "2516"]
[BlackElo "2432"]
[PlyCount "115"]
[EventDate "2016.08.19"]
[EventType "swiss"]
[EventRounds "10"]
[EventCountry "ESP"]
[SourceTitle "Ajedrez en Madrid"]
[Source "lmi"]
[SourceDate "2016.08.19"]

1. e4 c5 2. Nf3 d6 3. d4 cxd4 4. Nxd4 Nf6 5. Nc3 a6 6. Be2 e5 7. Nb3 Be7 8. O-O
O-O 9. Kh1 Nc6 10. f3 a5 11. Be3 Be6 12. Na4 d5 13. Bb6 Qd6 14. Nbc5 Nd4 15.
Nxe6 Qxe6 16. exd5 Qxd5 17. c3 Nxe2 18. Qxe2 Qc6 19. Qxe5 Bd8 20. Bxd8 Raxd8
21. b3 b5 22. Qc5 Rc8 23. Qxc6 Rxc6 24. Nb2 Rxc3 25. Nd1 Rd3 26. Rc1 Rfd8 27.
Nf2 Rd2 28. Rfd1 Kf8 29. Kg1 Rxd1+ 30. Rxd1 Rxd1+ 31. Nxd1 Nd5 32. Kf2 Ke7 33.
Ne3 Ke6 34. Nxd5 Kxd5 35. Ke3 Kc5 36. a3 Kd5 37. Kd3 g5 38. g3 h6 39. h3 h5 40.
Kc3 Kc5 41. Kd3 Kd5 42. Ke3 Ke5 43. Kd3 f6 44. a4 Kd5 45. axb5 Kc5 46. b6 Kxb6
47. Kc4 f5 48. f4 gxf4 49. gxf4 h4 50. Kd5 Kb5 51. Ke5 Kb4 52. Kxf5 Kxb3 53.
Kg5 a4 54. f5 a3 55. f6 a2 56. f7 a1=Q 57. f8=Q Qe1 58. Qf3+ 1/2-1/2

[Event "18. Open de Sants Hostafrancs 2016"]
[Site "Barcelona ESP"]
[Date "2016.08.23"]
[Round "5.11"]
[White "Delorme, Axel"]
[Black "Hansen, Mads"]
[Result "1/2-1/2"]
[WhiteElo "2500"]
[BlackElo "2344"]
[PlyCount "123"]
[EventDate "2016.08.19"]
[EventType "swiss"]
[EventRounds "10"]
[EventCountry "ESP"]
[SourceTitle "Ajedrez en Madrid"]
[Source "lmi"]
[SourceDate "2016.08.19"]

1. Nf3 Nf6 2. g3 d5 3. Bg2 c6 4. d3 Bg4 5. O-O Nbd7 6. Qe1 e5 7. e4 dxe4 8.
dxe4 Bc5 9. Nbd2 O-O 10. h3 Bh5 11. Nb3 Bb6 12. a4 a5 13. Nh4 Nc5 14. Nxc5 Bxc5
15. Bg5 h6 16. Bd2 Qb6 17. Rb1 Nd7 18. Kh2 Rfe8 19. f4 exf4 20. gxf4 Bb4 21.
Bf3 Bxf3 22. Rxf3 Nf6 23. e5 Bxd2 24. Qxd2 Rad8 25. Qe2 Qb4 26. c3 Qe4 27. Re1
Qxe2+ 28. Rxe2 g6 29. Rg2 Ne4 30. Re3 Nc5 31. f5 g5 32. Nf3 Rd3 33. Rxd3 Nxd3
34. Re2 Rd8 35. Kg3 Nf4 36. Re4 f6 37. h4 Rd3 38. hxg5 hxg5 39. exf6 Nh5+ 40.
Kf2 Nxf6 41. Re6 g4 42. Ne5 Rd6 43. Rxd6 Ne4+ 44. Ke3 Nxd6 45. Kf4 g3 46. Kxg3
Nxf5+ 47. Kf4 Nd6 48. Ke3 Kf8 49. Kd4 Ke7 50. Kc5 Ke6 51. Nxc6 bxc6 52. Kxc6
Ke7 53. b4 Nc4 54. Kc7 Ke6 55. Kc6 Ke7 56. b5 Kd8 57. b6 Kc8 58. Kb5 Nd6+ 59.
Kc6 Nc4 60. Kb5 Nd6+ 61. Kxa5 Kb7 62. c4 1/2-1/2

[Event "18. Open de Sants Hostafrancs 2016"]
[Site "Barcelona ESP"]
[Date "2016.08.23"]
[Round "5.12"]
[White "Latorre, Matias"]
[Black "Vera Siguenas, Deivy"]
[Result "0-1"]
[WhiteElo "2318"]
[BlackElo "2496"]
[PlyCount "116"]
[EventDate "2016.08.19"]
[EventType "swiss"]
[EventRounds "10"]
[EventCountry "ESP"]
[SourceTitle "Ajedrez en Madrid"]
[Source "lmi"]
[SourceDate "2016.08.19"]

1. d4 Nf6 2. c4 g6 3. Nc3 Bg7 4. Nf3 O-O 5. e4 d6 6. Be2 e5 7. O-O Nc6 8. dxe5
dxe5 9. Bg5 Qxd1 10. Rfxd1 Bg4 11. h3 Bxf3 12. Bxf3 Nd4 13. Nd5 Nxd5 14. cxd5
f5 15. Kf1 Rf7 16. Rac1 Nxf3 17. gxf3 Bf8 18. Be3 Bd6 19. Rc3 b6 20. Rdc1 Kf8
21. a4 a5 22. Rc6 Rd8 23. Ke2 Ke8 24. Bg5 Rb8 25. Bd2 Kd7 26. R6c3 Rbf8 27. Bh6
Rg8 28. Be3 g5 29. Rg1 h6 30. Rc6 Rgf8 31. Rc3 Bb4 32. Rc6 Bd6 33. Rc3 Rf6 34.
Rc6 R8f7 35. Rg2 Rg7 36. Rg1 Rg8 37. Bd2 Rgf8 38. Be3 Rb8 39. Rgc1 Rg6 40. R1c2
fxe4 41. fxe4 g4 42. hxg4 Rxg4 43. R6c4 h5 44. Rc1 b5 45. axb5 Rxb5 46. Rh1
Rxb2+ 47. Kf3 Rb4 48. Rc6 Rgxe4 49. Rxh5 Rh4 50. Rxh4 Rxh4 51. Ra6 a4 52. Bg5
e4+ 53. Ke3 Rg4 54. Bf6 Rg6 55. Rxa4 Rxf6 56. Rxe4 Bc5+ 57. Kd3 Rxf2 58. Re6
Rf4 0-1

[Event "18. Open de Sants Hostafrancs 2016"]
[Site "Barcelona ESP"]
[Date "2016.08.23"]
[Round "5.14"]
[White "Kvetny, Mark"]
[Black "Fier, Alexandr"]
[Result "0-1"]
[WhiteElo "2379"]
[BlackElo "2627"]
[PlyCount "64"]
[EventDate "2016.08.19"]
[EventType "swiss"]
[EventRounds "10"]
[EventCountry "ESP"]
[SourceTitle "Ajedrez en Madrid"]
[Source "lmi"]
[SourceDate "2016.08.19"]

1. d4 Nf6 2. c4 g6 3. Nc3 d5 4. Bg5 Ne4 5. Bh4 Nxc3 6. bxc3 dxc4 7. e3 Be6 8.
Nf3 Nd7 9. Be2 Nb6 10. O-O Bg7 11. a4 a5 12. Qc2 O-O 13. Rfb1 Qd7 14. Nd2 Bd5
15. e4 Bc6 16. Rxb6 cxb6 17. Nxc4 Bxa4 18. Rxa4 b5 19. Nb6 Qd8 20. Nxa8 bxa4
21. Qxa4 Qxa8 22. Bxe7 Re8 23. Qd7 Qc8 24. Qxc8 Rxc8 25. d5 Rxc3 26. g3 a4 27.
Kg2 Bf8 28. Bf6 Rc2 29. Bd1 Rc4 30. Kf3 Bg7 31. Be7 a3 32. d6 a2 0-1

[Event "18. Open de Sants Hostafrancs 2016"]
[Site "Barcelona ESP"]
[Date "2016.08.23"]
[Round "5.15"]
[White "Panelo, Marcelo"]
[Black "Kunin, Vitaly"]
[Result "0-1"]
[WhiteElo "2373"]
[BlackElo "2592"]
[PlyCount "159"]
[EventDate "2016.08.19"]
[EventType "swiss"]
[EventRounds "10"]
[EventCountry "ESP"]
[SourceTitle "Ajedrez en Madrid"]
[Source "lmi"]
[SourceDate "2016.08.19"]

1. d4 Nf6 2. Nf3 e6 3. c4 b6 4. a3 Ba6 5. e3 d5 6. b3 Be7 7. Bd3 O-O 8. Bb2 c5
9. O-O dxc4 10. bxc4 Nc6 11. Nbd2 Rc8 12. Qe2 Bb7 13. Rfd1 Qc7 14. dxc5 bxc5
15. Rab1 h6 16. Ne4 Nxe4 17. Bxe4 Rfd8 18. Nd2 Rd7 19. Nf1 Rxd1 20. Qxd1 Ba8
21. Ng3 Bf8 22. Nh5 Ne5 23. Bxa8 Rxa8 24. Qc2 Rb8 25. Rc1 Ng4 26. Ng3 h5 27.
Nf1 Bd6 28. h3 Bh2+ 29. Kh1 Be5 30. Bxe5 Nxe5 31. Ng3 h4 32. Ne2 Qa5 33. Qe4
Ng6 34. Nf4 Qxa3 35. Rd1 Qa4 36. Rf1 Nf8 37. Nh5 Rb4 38. Qe5 f6 39. Qc7 Nd7 40.
Qd8+ Nf8 41. Qe7 Qd7 42. Qxc5 Qb7 43. Nf4 g5 44. Ne2 Qb6 45. Qe7 Rxc4 46. Qxf6
Rc5 47. Nd4 Qb2 48. Qe7 Qb6 49. f4 Qc7 50. Qf6 Qf7 51. Qxf7+ Kxf7 52. fxg5+ Kg7
53. Nf3 Ng6 54. Rb1 a5 55. Rb7+ Kg8 56. Ra7 e5 57. Ra8+ Kf7 58. Ra7+ Kf8 59.
Ra6 Kg7 60. Kg1 Rc1+ 61. Kf2 Rc2+ 62. Kf1 Ra2 63. Re6 Kf7 64. Rf6+ Kg7 65. Re6
Kf7 66. Rf6+ Kg7 67. Ra6 a4 68. Ra7+ Kf8 69. Ra6 Kf7 70. Kg1 a3 71. Kh2 e4 72.
Ra7+ Ke8 73. Ne1 Re2 74. Rxa3 Rxe1 75. Ra6 Kf7 76. Rf6+ Kg7 77. Re6 Rxe3 78.
Kg1 Nf4 79. Rf6 Re1+ 80. Kf2 0-1

[Event "18. Open de Sants Hostafrancs 2016"]
[Site "Barcelona ESP"]
[Date "2016.08.23"]
[Round "5.16"]
[White "Ortiz Suarez, Isan Reynaldo"]
[Black "Zwirs, Nico"]
[Result "1-0"]
[WhiteElo "2564"]
[BlackElo "2374"]
[PlyCount "83"]
[EventDate "2016.08.19"]
[EventType "swiss"]
[EventRounds "10"]
[EventCountry "ESP"]
[SourceTitle "Ajedrez en Madrid"]
[Source "lmi"]
[SourceDate "2016.08.19"]

1. Nf3 Nf6 2. c4 g6 3. g3 b6 4. Bg2 Bb7 5. d4 Bg7 6. O-O O-O 7. Qc2 c5 8. d5 b5
9. cxb5 d6 10. e4 a6 11. b6 Nbd7 12. Bd2 Qxb6 13. Na3 a5 14. Nc4 Qc7 15. a4 Ba6
16. Bxa5 Qa7 17. Nfd2 Ng4 18. Bc3 Bxc3 19. Qxc3 Rfb8 20. a5 Nde5 21. b3 Nxc4
22. bxc4 Rb4 23. f4 Rab8 24. h3 Nf6 25. e5 Ne8 26. Rf2 Ng7 27. g4 Rf8 28. exd6
exd6 29. f5 gxf5 30. gxf5 f6 31. Re1 Kh8 32. Qg3 Qc7 33. Rfe2 Bc8 34. Qf4 Qd8
35. Be4 Rb7 36. Bc2 Nh5 37. Qh6 Rg8+ 38. Kh2 Ng3 39. Rg2 Rbg7 40. Reg1 Nxf5 41.
Rxg7 Nxh6 42. Rxh7# 1-0

[Event "18. Open de Sants Hostafrancs 2016"]
[Site "Barcelona ESP"]
[Date "2016.08.23"]
[Round "5.17"]
[White "Gomez Garrido, Camilo Ernesto"]
[Black "Gullaksen, Eirik"]
[Result "1-0"]
[WhiteElo "2560"]
[BlackElo "2361"]
[PlyCount "117"]
[EventDate "2016.08.19"]
[EventType "swiss"]
[EventRounds "10"]
[EventCountry "ESP"]
[SourceTitle "Ajedrez en Madrid"]
[Source "lmi"]
[SourceDate "2016.08.19"]

1. d4 Nf6 2. c4 g6 3. g3 Bg7 4. Bg2 O-O 5. Nf3 d6 6. Nc3 c6 7. O-O Qb6 8. b3
Nbd7 9. e4 Re8 10. h3 e5 11. Be3 Qa5 12. Qc2 a6 13. a3 b5 14. dxe5 dxe5 15. c5
Qc7 16. a4 Bb7 17. b4 Nf8 18. Nd2 Ne6 19. Nb3 Rad8 20. Rfd1 Nh5 21. axb5 axb5
22. Ne2 Bf6 23. Qa2 Ra8 24. Qb2 Red8 25. Na5 Nhg7 26. Bd2 Ne8 27. Bc3 Rxd1+ 28.
Rxd1 Rd8 29. Rxd8 Nxd8 30. f4 Bc8 31. Bxe5 Bxe5 32. Qxe5 Qxe5 33. fxe5 Nc7 34.
Nd4 Bd7 35. Kf2 Na6 36. Nc2 Be6 37. Ke3 Ba2 38. Kd2 Bb1 39. Na3 Ba2 40. Kc3 Kf8
41. Nc2 Ke7 42. Nd4 Kd7 43. h4 Be6 44. h5 h6 45. Bf3 Nc7 46. g4 gxh5 47. gxh5
Bh3 48. Nf5 Ke6 49. Nxh6 Kxe5 50. Ng4+ Bxg4 51. Bxg4 Kxe4 52. h6 Nd5+ 53. Kb3
Nf6 54. Bd7 Kd5 55. Bf5 Ne6 56. h7 Nxh7 57. Bxh7 Nxc5+ 58. bxc5 Kxc5 59. Be4
1-0

[Event "18. Open de Sants Hostafrancs 2016"]
[Site "Barcelona ESP"]
[Date "2016.08.23"]
[Round "5.18"]
[White "Mihajlov, Sebastian"]
[Black "Comas Fabrego, Lluis"]
[Result "1-0"]
[WhiteElo "2356"]
[BlackElo "2507"]
[PlyCount "89"]
[EventDate "2016.08.19"]
[EventType "swiss"]
[EventRounds "10"]
[EventCountry "ESP"]
[SourceTitle "Ajedrez en Madrid"]
[Source "lmi"]
[SourceDate "2016.08.19"]

1. d4 d5 2. c4 dxc4 3. Nf3 a6 4. e3 Bg4 5. Bxc4 e6 6. Nc3 Nf6 7. h3 Bh5 8. g4
Bg6 9. Ne5 Nbd7 10. Nxg6 hxg6 11. Be2 c6 12. Bf3 Bd6 13. Kf1 Qe7 14. Bd2 Nd5
15. Qb3 Rb8 16. Kg2 Nxc3 17. bxc3 e5 18. Rab1 g5 19. Qc2 g6 20. c4 O-O 21. c5
Bc7 22. Rb3 Rfe8 23. Rhb1 e4 24. Be2 b5 25. cxb6 Rxb6 26. Rxb6 Qd6 27. Rh1 Bxb6
28. Bxa6 c5 29. dxc5 Nxc5 30. Bb4 Qf6 31. Bxc5 Bxc5 32. Qxc5 Qxa6 33. Qxg5 Qxa2
34. h4 Qe6 35. h5 Qe5 36. Qh6 Qf6 37. Rh3 Re5 38. hxg6 fxg6 39. Qh7+ Kf8 40. f4
Re7 41. Qh8+ Qxh8 42. Rxh8+ Kg7 43. Rd8 g5 44. f5 Kf6 45. Rg8 1-0

[Event "18. Open de Sants Hostafrancs 2016"]
[Site "Barcelona ESP"]
[Date "2016.08.23"]
[Round "5.19"]
[White "Movsziszian, Karen"]
[Black "Vehi Bach, Victor Manuel"]
[Result "1-0"]
[WhiteElo "2495"]
[BlackElo "2318"]
[PlyCount "60"]
[EventDate "2016.08.19"]
[EventType "swiss"]
[EventRounds "10"]
[EventCountry "ESP"]
[SourceTitle "Ajedrez en Madrid"]
[Source "lmi"]
[SourceDate "2016.08.19"]

1. g3 d5 2. Bg2 Nf6 3. d3 e6 4. Nd2 c5 5. e4 Nc6 6. Nh3 dxe4 7. dxe4 e5 8. O-O
Be7 9. c3 Qd3 10. Re1 h6 11. Bf1 Qd7 12. Qc2 Qc7 13. Nc4 g5 14. f3 Be6 15. a4
O-O-O 16. Nf2 Kb8 17. a5 Rhg8 18. Qa4 h5 19. Be3 a6 20. Rac1 Na7 21. b4 Bd7 22.
Qb3 Bc6 23. Qb2 Nb5 24. Nb6 c4 25. Qa2 g4 26. f4 exf4 27. Bxf4 Bd6 28. Bxd6
Qxd6 29. Qe2 Qe5 30. Qe3 Nd6 1-0

[Event "18. Open de Sants Hostafrancs 2016"]
[Site "Barcelona ESP"]
[Date "2016.08.23"]
[Round "5.20"]
[White "Vidarte Morales, Arturo"]
[Black "Bailet, Pierre"]
[Result "1-0"]
[WhiteElo "2324"]
[BlackElo "2492"]
[PlyCount "107"]
[EventDate "2016.08.19"]
[EventType "swiss"]
[EventRounds "10"]
[EventCountry "ESP"]
[SourceTitle "Ajedrez en Madrid"]
[Source "lmi"]
[SourceDate "2016.08.19"]

1. d4 Nf6 2. c4 d6 3. Nc3 e5 4. d5 Be7 5. e4 O-O 6. Nf3 Na6 7. h3 c6 8. Be3 Bd7
9. Nd2 Ne8 10. h4 Nac7 11. g3 cxd5 12. cxd5 b5 13. b4 Kh8 14. Be2 f5 15. exf5
Nf6 16. Bf3 Bxf5 17. g4 Bd3 18. g5 Nd7 19. Be4 Bxe4 20. Ndxe4 a5 21. a3 Qe8 22.
h5 axb4 23. axb4 Rxa1 24. Qxa1 Qf7 25. Qd1 h6 26. g6 Qf5 27. Ng3 Qf3 28. Qxf3
Rxf3 29. Nge4 Rf8 30. Kd2 Ra8 31. Kc2 Nf6 32. Nxf6 Bxf6 33. Kb3 Be7 34. Rc1 Bg5
35. Bxg5 hxg5 36. Ne4 Nxd5 37. Nxd6 Kg8 38. Rc5 Nf4 39. Rxe5 Nxh5 40. Nxb5 Nf4
41. Rxg5 Ra6 42. Nc7 Rd6 43. b5 Nxg6 44. Rd5 Rf6 45. Rd2 Ne5 46. Nd5 Rf3+ 47.
Ka4 Nc4 48. Rd4 Ne5 49. b6 Rxf2 50. b7 Rb2 51. Nb4 Nc6 52. Rc4 Rxb4+ 53. Rxb4
Kf7 54. Rc4 1-0

[Event "18. Open de Sants Hostafrancs 2016"]
[Site "Barcelona ESP"]
[Date "2016.08.23"]
[Round "5.21"]
[White "Rios, Cristhian Camilo"]
[Black "Cu Hor, Winston Darwin"]
[Result "1-0"]
[WhiteElo "2490"]
[BlackElo "2318"]
[PlyCount "63"]
[EventDate "2016.08.19"]
[EventType "swiss"]
[EventRounds "10"]
[EventCountry "ESP"]
[SourceTitle "Ajedrez en Madrid"]
[Source "lmi"]
[SourceDate "2016.08.19"]

1. d4 Nf6 2. c4 e6 3. Nf3 d5 4. Nc3 Bb4 5. Bg5 O-O 6. e3 Nbd7 7. cxd5 exd5 8.
Rc1 c5 9. dxc5 Nxc5 10. Qd4 Bxc3+ 11. Qxc3 Nce4 12. Bxf6 Nxf6 13. Be2 Bg4 14.
O-O Qb6 15. Nd4 Rfc8 16. Qa3 Rxc1 17. Rxc1 Rc8 18. Rxc8+ Bxc8 19. Nb5 Bg4 20.
f3 Bd7 21. Qxa7 Qc6 22. Nc3 Qc8 23. Qd4 h6 24. b4 Qa8 25. Kf2 Qb8 26. g3 Qa8
27. Nxd5 Nxd5 28. Qxd5 Be6 29. Qa5 Qxa5 30. bxa5 Bxa2 31. e4 Kf8 32. Ke3 1-0

[Event "18. Open de Sants Hostafrancs 2016"]
[Site "Barcelona ESP"]
[Date "2016.08.23"]
[Round "5.22"]
[White "Vidal Zamora, Alex"]
[Black "Alvarez Pedraza, Aramis"]
[Result "0-1"]
[WhiteElo "2291"]
[BlackElo "2483"]
[PlyCount "74"]
[EventDate "2016.08.19"]
[EventType "swiss"]
[EventRounds "10"]
[EventCountry "ESP"]
[SourceTitle "Ajedrez en Madrid"]
[Source "lmi"]
[SourceDate "2016.08.19"]

1. d4 Nf6 2. Nf3 b6 3. g3 Bb7 4. Bg2 g6 5. c4 Bg7 6. Nc3 Ne4 7. Nxe4 Bxe4 8.
O-O O-O 9. Ne1 Bxg2 10. Nxg2 d5 11. cxd5 Qxd5 12. e3 e5 13. dxe5 Qxe5 14. Rb1
Qe4 15. Bd2 Nc6 16. f3 Qf5 17. Qc1 Ne5 18. Nf4 Rad8 19. Bc3 Nd3 20. Nxd3 Qxd3
21. Bxg7 Kxg7 22. Rf2 c5 23. e4 Rd4 24. Qf1 Rfd8 25. Qxd3 Rxd3 26. Kf1 Kf6 27.
f4 h5 28. Kg2 Re3 29. e5+ Kf5 30. Rc1 a5 31. Rcc2 h4 32. gxh4 Rd4 33. Rc3 Rxc3
34. bxc3 Rxf4 35. Rb2 Rg4+ 36. Kf3 Rxh4 37. Rxb6 Rh3+ 0-1

[Event "18. Open de Sants Hostafrancs 2016"]
[Site "Barcelona ESP"]
[Date "2016.08.23"]
[Round "5.24"]
[White "Barrientos, Sergio E"]
[Black "Buchenau, Frank"]
[Result "1-0"]
[WhiteElo "2466"]
[BlackElo "2268"]
[PlyCount "43"]
[EventDate "2016.08.19"]
[EventType "swiss"]
[EventRounds "10"]
[EventCountry "ESP"]
[SourceTitle "Ajedrez en Madrid"]
[Source "lmi"]
[SourceDate "2016.08.19"]

1. d4 e6 2. c4 Nf6 3. Nf3 b6 4. a3 Ba6 5. Qc2 Bb7 6. Nc3 c5 7. e4 cxd4 8. Nxd4
Bc5 9. Nf3 Nc6 10. b4 Nd4 11. Qd2 Nxf3+ 12. gxf3 Be7 13. Bb2 Nh5 14. Rg1 Qc7
15. O-O-O a6 16. Kb1 O-O-O 17. Na4 Bc6 18. b5 Bb7 19. Qe3 Bc5 20. Nxc5 bxc5 21.
Rg5 Qxh2 22. Be5 1-0

[Event "18. Open de Sants Hostafrancs 2016"]
[Site "Barcelona ESP"]
[Date "2016.08.23"]
[Round "5.25"]
[White "Cruz, Filemon"]
[Black "Petrosyan, Tigran S"]
[Result "1-0"]
[WhiteElo "2349"]
[BlackElo "2462"]
[PlyCount "45"]
[EventDate "2016.08.19"]
[EventType "swiss"]
[EventRounds "10"]
[EventCountry "ESP"]
[SourceTitle "Ajedrez en Madrid"]
[Source "lmi"]
[SourceDate "2016.08.19"]

1. c4 e5 2. g3 Nf6 3. Bg2 d5 4. cxd5 Nxd5 5. Nc3 Nb6 6. Nf3 Nc6 7. O-O Be7 8.
b3 O-O 9. Bb2 Re8 10. d3 Bf8 11. Rc1 f5 12. Nd2 Nd4 13. Nc4 c6 14. Na4 f4 15.
e3 Nf5 16. Qe2 fxe3 17. fxe3 Nxa4 18. bxa4 Bc5 19. Be4 Qg5 20. Rf3 Be6 21. Bxf5
Bxf5 22. Nxe5 Rad8 23. Rxc5 1-0

[Event "18. Open de Sants Hostafrancs 2016"]
[Site "Barcelona ESP"]
[Date "2016.08.23"]
[Round "5.26"]
[White "Keller, Peter"]
[Black "Admiraal, Miguoel"]
[Result "0-1"]
[WhiteElo "2286"]
[BlackElo "2458"]
[PlyCount "78"]
[EventDate "2016.08.19"]
[EventType "swiss"]
[EventRounds "10"]
[EventCountry "ESP"]
[SourceTitle "Ajedrez en Madrid"]
[Source "lmi"]
[SourceDate "2016.08.19"]

1. e4 c5 2. Nf3 e6 3. g3 Nc6 4. Bg2 Nf6 5. Qe2 e5 6. O-O Be7 7. c3 O-O 8. Na3
Re8 9. d3 h6 10. Nc4 d6 11. Ne3 Be6 12. Nh4 Bf8 13. Nd5 g6 14. Be3 Bxd5 15.
exd5 Ne7 16. c4 Nh7 17. Nf3 f5 18. h4 Nf6 19. Nh2 Bg7 20. Kh1 f4 21. gxf4 exf4
22. Bxf4 Nf5 23. Qd2 Nh5 24. Nf3 Nxh4 25. Bxh6 Nxf3 26. Bxf3 Qh4+ 27. Kg1 Be5
28. Rfe1 Qh2+ 29. Kf1 Bf4 30. Bxf4 Nxf4 31. Re4 Rxe4 32. Bxe4 Rf8 33. Qe1 Qh3+
34. Kg1 Qg4+ 35. Kf1 Nh3 36. Bg2 Rxf2+ 37. Qxf2 Nxf2 38. Kxf2 Qd4+ 39. Kg3
Qxd3+ 0-1

[Event "18. Open de Sants Hostafrancs 2016"]
[Site "Barcelona ESP"]
[Date "2016.08.23"]
[Round "5.27"]
[White "Hess, Max"]
[Black "Cruz, Jonathan"]
[Result "0-1"]
[WhiteElo "2252"]
[BlackElo "2433"]
[PlyCount "62"]
[EventDate "2016.08.19"]
[EventType "swiss"]
[EventRounds "10"]
[EventCountry "ESP"]
[SourceTitle "Ajedrez en Madrid"]
[Source "lmi"]
[SourceDate "2016.08.19"]

1. e4 d6 2. d4 Nf6 3. Nc3 g6 4. Be3 c6 5. Qd2 b5 6. Bd3 Ng4 7. Bg5 f6 8. Bh4 e5
9. h3 Nh6 10. dxe5 dxe5 11. a4 b4 12. Nd1 Nf7 13. Nf3 a5 14. Ne3 Be6 15. Qe2
Nd7 16. Bc4 Qe7 17. Rd1 Nc5 18. Bxe6 Qxe6 19. Nc4 Nxa4 20. Ra1 Nc5 21. Rxa5
Rxa5 22. Nxa5 g5 23. Bg3 Qa2 24. Nxc6 Qa4 25. Ncxe5 fxe5 26. Nxe5 Qa1+ 27. Kd2
Nb3+ 28. cxb3 Qxb2+ 29. Ke3 Bc5+ 30. Kf3 Nxe5+ 31. Bxe5 Rf8+ 0-1

[Event "18. Open de Sants Hostafrancs 2016"]
[Site "Barcelona ESP"]
[Date "2016.08.23"]
[Round "5.28"]
[White "Cori T., Deysi"]
[Black "Ventura Bolet, Maxim"]
[Result "1-0"]
[WhiteElo "2433"]
[BlackElo "2250"]
[PlyCount "47"]
[EventDate "2016.08.19"]
[EventType "swiss"]
[EventRounds "10"]
[EventCountry "ESP"]
[SourceTitle "Ajedrez en Madrid"]
[Source "lmi"]
[SourceDate "2016.08.19"]

1. d4 d5 2. Nf3 Nf6 3. c4 dxc4 4. e3 Bg4 5. Bxc4 e6 6. h3 Bh5 7. Nc3 Nbd7 8. e4
Bxf3 9. Qxf3 e5 10. Be3 Bd6 11. O-O a6 12. Rad1 O-O 13. Qf5 g6 14. Qg5 b5 15.
Bb3 b4 16. dxe5 Bxe5 17. f4 Bxc3 18. bxc3 Nxe4 19. Qh6 Nd6 20. f5 Qf6 21. Bd4
Ne5 22. Bxe5 Qxe5 23. Rxd6 Qxd6 24. f6 1-0

[Event "18. Open de Sants Hostafrancs 2016"]
[Site "Barcelona ESP"]
[Date "2016.08.23"]
[Round "5.29"]
[White "Calavalle, Giulio"]
[Black "Reshef, Omer"]
[Result "0-1"]
[WhiteElo "2203"]
[BlackElo "2420"]
[PlyCount "106"]
[EventDate "2016.08.19"]
[EventType "swiss"]
[EventRounds "10"]
[EventCountry "ESP"]
[SourceTitle "Ajedrez en Madrid"]
[Source "lmi"]
[SourceDate "2016.08.19"]

1. e4 c5 2. Nc3 Nc6 3. g3 g6 4. Bg2 Bg7 5. d3 e6 6. Nge2 Nge7 7. Be3 Nd4 8. Qd2
h6 9. Nd1 d5 10. c3 Nxe2 11. Qxe2 d4 12. Bd2 O-O 13. f4 e5 14. c4 Be6 15. O-O
Qd7 16. Nf2 Rab8 17. b3 a6 18. h3 Nc6 19. Ng4 exf4 20. Bxf4 Bxg4 21. hxg4 Rbe8
22. g5 h5 23. Bf3 Be5 24. Kg2 Qd6 25. Bd2 Kg7 26. Rh1 Bxg3 27. Bxh5 gxh5 28.
Rxh5 Rh8 29. Rah1 Be5 30. Rh6 Rxh6 31. Rxh6 Re6 32. Rh3 Rg6 33. Qh5 Kf8 34. Rf3
Qe6 35. a3 a5 36. Rf5 b6 37. Rf1 Rg8 38. Qf3 Rh8 39. Rh1 Rxh1 40. Kxh1 Kg7 41.
Kg2 Qg6 42. Qf5 Qh7 43. Kf3 Qh5+ 44. Kf2 Qg6 45. Kf3 Qe6 46. Bf4 Qd6 47. Bd2
Ne7 48. Qh3 Qe6 49. Qh5 Bd6 50. Ke2 Ng6 51. Qf3 Qe5 52. Kd1 Nf4 53. Qg3 Kg6 0-1

[Event "18. Open de Sants Hostafrancs 2016"]
[Site "Barcelona ESP"]
[Date "2016.08.23"]
[Round "5.30"]
[White "Mu, Ke"]
[Black "Serra Pages, Jordi"]
[Result "1-0"]
[WhiteElo "2419"]
[BlackElo "2244"]
[PlyCount "127"]
[EventDate "2016.08.19"]
[EventType "swiss"]
[EventRounds "10"]
[EventCountry "ESP"]
[SourceTitle "Ajedrez en Madrid"]
[Source "lmi"]
[SourceDate "2016.08.19"]

1. c4 Nf6 2. Nc3 d5 3. cxd5 Nxd5 4. g3 g6 5. Bg2 Nb6 6. h4 h5 7. d3 Bg7 8. Bf4
c6 9. Rc1 Na6 10. Nf3 O-O 11. O-O Nc5 12. Qd2 Ne6 13. Bh6 Nd4 14. Bxg7 Nxf3+
15. Bxf3 Kxg7 16. b4 a6 17. Ne4 Bf5 18. Nc5 Rb8 19. e4 Bh3 20. Qb2+ Kg8 21.
Rfd1 Nd7 22. d4 Nxc5 23. Rxc5 Re8 24. Rg5 e5 25. dxe5 Qe7 26. Bxh5 Rbd8 27. Kh2
Rxd1 28. Bxd1 Bc8 29. Bb3 Be6 30. Bxe6 Qxe6 31. Qd2 Qe7 32. h5 Rd8 33. Qf4 Kg7
34. Kg2 Qe6 35. hxg6 fxg6 36. Qf5 Qf7 37. a3 b6 38. Rg4 Rf8 39. Qxf7+ Rxf7 40.
Rf4 Rc7 41. Rf6 c5 42. bxc5 bxc5 43. Kf1 c4 44. Ke2 c3 45. Kd1 c2+ 46. Kc1 a5
47. Ra6 Rc5 48. Ra7+ Kf8 49. e6 Rc3 50. Rxa5 Rf3 51. Ra7 Ke8 52. Rf7 Rxa3 53.
Kxc2 Ra6 54. Kd3 Rxe6 55. Ra7 Rb6 56. Ke3 Kf8 57. f3 g5 58. e5 Rb4 59. f4 Rb3+
60. Ke4 Rxg3 61. f5 Rg4+ 62. Kd5 Rb4 63. f6 g4 64. Ke6 1-0

[Event "18. Open de Sants Hostafrancs 2016"]
[Site "Barcelona ESP"]
[Date "2016.08.23"]
[Round "5.31"]
[White "Ochsner, Bjorn Moller"]
[Black "Sanchez, Nicolas"]
[Result "1-0"]
[WhiteElo "2417"]
[BlackElo "2176"]
[PlyCount "51"]
[EventDate "2016.08.19"]
[EventType "swiss"]
[EventRounds "10"]
[EventCountry "ESP"]
[SourceTitle "Ajedrez en Madrid"]
[Source "lmi"]
[SourceDate "2016.08.19"]

1. e4 c5 2. Nf3 d6 3. Bb5+ Bd7 4. Bxd7+ Qxd7 5. c4 Nf6 6. Nc3 g6 7. d4 cxd4 8.
Nxd4 Bg7 9. f3 O-O 10. Be3 Nc6 11. O-O Nh5 12. Rc1 Nxd4 13. Bxd4 Bh6 14. Rc2 f5
15. exf5 gxf5 16. Re1 Rf7 17. Be3 f4 18. Bf2 Rg7 19. Qd5+ Kh8 20. Qxh5 Bg5 21.
Qg4 Qc6 22. Qe6 Bf6 23. Qe4 Rag8 24. Qxc6 Rxg2+ 25. Kh1 bxc6 26. Rg1 1-0